00683nam a2200217Ia 4500003000400000005001700004008004100021020001500062040001800077041000800095082002100103100001700124245011600141250001200257260004700269300003100316650002700347650003500374650003700409700001900446OSt20260102095452.0210716s2002 xx 000 0 und d a8126503149 cAIMIT LIBRARY aeng a006.37 21bSOUT aSoukup, Tom. aVisual data mining :btechniques and tools for data visualization and mining /cBy Tom Soukup and Ian Davidson. a1st ed. aNew Delhi :bWiley Publishing Inc ,c2002. axxvii,382p. ;bPBc24.5 cm aData preparation phase aData analysis phase and beyond aThe future of visual data mining aDavidson, Ian.